| 000 | 01235nam a22003617a 4500 | ||
|---|---|---|---|
| 003 | CHAP | ||
| 005 | 20220817040955.0 | ||
| 008 | 971013s1986 r 00010 d | ||
| 010 | _a3765 | ||
| 011 | _a4737 | ||
| 035 | _a3941 | ||
| 040 | _cCHAP | ||
| 090 | _aFolleto 13101 | ||
| 100 | 0 | 0 |
_aCamboni Salinas, Sonia. _917797 |
| 245 | _aComentarios a la maestría en ciencias y técnicas de la educación presentada por la Universidad Autónoma Chapingo | ||
| 260 |
_aChapingo : _bLa autora, _c1986? |
||
| 300 | _a10 h. | ||
| 500 | _ac.5-8 en bodega | ||
| 500 | _aD51-91 | ||
| 590 |
_aBATCH-UPD _b10 _c20130110 _lUCH01 _h1611 |
||
| 590 |
_aBATCH-UPD _b10 _c20130410 _lUCH01 _h1007 |
||
| 590 |
_aBATCH-UPD _b10 _c20130914 _lUCH01 _h0902 |
||
| 590 |
_aCONVERSION _b10 _c20130109 _lUCH01 _h1303 |
||
| 650 | 1 | 4 |
_aEducación agrícola _xFormación de profesores. _935519 |
| 650 | 1 | 4 | _aEducación superior. |
| 650 | 1 | 4 |
_aUACH _9115798 |
| 901 | _aBK | ||
| 942 | _cFOLL | ||
| 949 |
_aFolleto 13101 _bBC _cFOLL _d-13471 _eTS1 _i3941 _mD _si |
||
| 949 |
_aFolleto 13101 _bBC _cFOLL _d-73795 _eTS2 _fc.2 _i3941 _mD _si |
||
| 949 |
_aFolleto 13101 _bBC _cFOLL _d-73796 _eTS2 _fc.3 _i3941 _mD _si |
||
| 949 |
_aFolleto 13101 _bBC _cUACH _d-73797 _eUACH _fc.3 _i3941 _mD _si |
||
| 999 |
_c3765 _d3765 |
||